Get the Picture: Where's 'M' in USA? Quiz Stats

 Plays Quiz Updated May 13, 2019

Score 0/12 Timer 02:00
4 Plays Today
Question Answer Wrong Answers
Miami Southeast
97.8%
Northwest
0.5%
Northeast
0.3%
Southwest
0.4%
Memphis Southeast
94.4%
Northwest
1.4%
Northeast
1.5%
Southwest
1.5%
Minneapolis Northeast
92.4%
Northwest
4.7%
Southwest
0.5%
Southeast
1.3%
Milwaukee Northeast
92.2%
Northwest
4.7%
Southwest
0.8%
Southeast
1.4%
Manchester Northeast
91.7%
Northwest
3.6%
Southwest
1%
Southeast
2.5%
Mesa Southwest
90.1%
Northwest
5.5%
Northeast
1.6%
Southeast
1.6%
Mobile Southeast
89%
Northwest
4.1%
Northeast
2.6%
Southwest
3%
Mission Viejo Southwest
82%
Northwest
11.6%
Northeast
3.1%
Southeast
2%
Muncie Northeast
67.3%
Northwest
18.7%
Southwest
5.3%
Southeast
7.5%
Missoula Northwest
55.9%
Northeast
10.3%
Southwest
4.7%
Southeast
27.4%
Modesto Northwest
54.1%
Northeast
1.9%
Southwest
40%
Southeast
2.8%
McAllen Southwest
53.6%
Northwest
21.6%
Northeast
15.3%
Southeast
7.9%

Today's Daily Dose

You're not logged in!

Compare scores with friends on all Sporcle quizzes.
OR
Log In

Show Comments

Extras

Top Quizzes Today


Score Distribution

Your Account Isn't Verified!

In order to create a playlist on Sporcle, you need to verify the email address you used during registration. Go to your Sporcle Settings to finish the process.

Report this User

Report this user for behavior that violates our Community Guidelines.

Details: